[Event "Nanjing Pearl Spring 2nd"]
[Site "Nanjing"]
[Date "2009.10.01"]
[Round "4"]
[White "Radjabov, Teimour"]
[Black "Topalov, Veselin"]
[Result "1/2-1/2"]
[WhiteElo "2757"]
[BlackElo "2813"]
[Annotator "Radjabov,T"]
[PlyCount "128"]
[EventDate "2009.09.28"]
[EventType "tourn"]
[EventRounds "10"]
[EventCountry "CHN"]
[EventCategory "21"]
[SourceTitle "CBM 133"]
[Source "ChessBase"]
[SourceDate "2009.11.19"]
[SourceVersion "1"]
[SourceVersionDate "2009.11.19"]
[SourceQuality "1"]

1. e4 e5 2. Nf3 Nc6 3. d4 exd4 4. Nxd4 Nf6 5. Nxc6 bxc6 6. e5 Qe7 7. Qe2 Nd5 {
We already had this position in Bilbao, where I didn't obtain any advantage
out of the opening stage. But here in this game I was more successful and got
a plus from the start of the game.} 8. c4 Ba6 9. Nd2 $5 {There are plenty of
lines and possibilities for both sides on each move, I will not dwell too
deeply on the opening phase.} O-O-O 10. b3 g5 11. Bb2 Bg7 12. O-O-O {White's
development looks quite natural, now Black is in trouble. He has to find a
plan, but it's quite hard to find any ideal piece placement!} Nb6 13. h4 $1 g4
(13... h6 14. Qe3 $5 $16) 14. f4 $5 gxf3 {Black has to take, otherwise the
e5-pawn will forever be there as a wall for Black's pieces!} 15. Nxf3 (15. gxf3
{is possible, but here I like it less; h4 is somehow hanging and Black still
does not have so many weaknesses,.After Nxf3 f7 starts to be vulnerable.})
15... c5 {The only way to free pieces for Black!} 16. Qe1 $1 {A strong
regrouping move as now I want to put the bishop on e4 and then press against
f7 and h7 from the centre. In addition, the knight on b6 will be totally out
of play.} Bb7 17. Bd3 h6 18. Qg3 (18. Be4 {would be something, according to
the plan, but Qg3 seemed even more forceful and strong than this.}) 18... Rdg8
(18... f6 19. Rhe1 $18) 19. Rhe1 d5 $2 {Topalov tries to free his pieces, but
this loses immediately!} (19... h5 $5 20. Kb1 $1 Bh6 21. Qf2 {White is much
better here, as Rg4 doesn't work due to e5-e6 and White wins.} Rg4 22. e6 $18)
20. exd6 $1 Bxb2+ 21. Kxb2 Qxd6 (21... Qf6+ $4 22. Qe5 $1 Rxg2+ 23. Ka3 (23.
Kc3 $18) 23... Qxe5 24. Nxe5 Rf2 $8 25. Rf1 $1 $18) (21... Rxg3 22. dxe7 Rxg2+
23. Kc3 $18) 22. Bf5+ $2 {A bad move; somehow I thought it won easily too.} (
22. Re8+ $3 {looks like a transposition simply, but here the Nc8 resource is
not possible and Black loses by force.} Rxe8 23. Bf5+ Kb8 24. Rxd6 Rhg8 $8 25.
Qf4 $1 cxd6 26. Qxd6+ Ka8 27. Bh3 $18 {This position is easily winning because
after} Re2+ 28. Ka3 $1 {A calm reply} Rge8 (28... Nxc4+ 29. bxc4 Rge8 30. Nd2 {
with Nb3 next, finishes the discussion.}) 29. Qxc5 {and Black is not in time
to capture c4.}) 22... Kb8 23. Re8+ Nc8 {Played instantly! Now Black is
defending for a while.} 24. Rxd6 $1 Rxg3 25. Rxh8 cxd6 26. Ne1 $1 Kc7 27. Rh7
Ne7 28. Rxf7 Kd8 29. Rf8+ Kc7 30. Rf7 Kd8 31. Bc2 Re3 32. Nd3 $1 Bxg2 33. Rf6
Kc7 $2 (33... Kd7 34. Rxh6 Re2 {and somehow here due to avoiding checks from
e6, Black's king is placed better, but still after} 35. Nf4 Rf2 36. Nxg2 Rxg2
37. h5 $16 {White has good chances for a win.}) 34. Nf4 $1 Rf3 35. Be4 (35. Ka3
$1 {This is a clear win! Unfortunately I missed it and didn't want to put my
king on a3. But this slightly illogical move is just winning. The idea is that
after Be4 Ne6+ will come and Black is lost.} Rf1 36. Bd3 $18) 35... Rf2+ 36.
Kc3 Bxe4 37. Ne6+ Kd7 38. Nf8+ {All is forced here, Black has study-like way
to keep fighting, but the position is still winning.} Ke8 39. Rxf2 Bf5 40. Rd2
Nc8 41. Rf2 Ne7 42. Ne6 $1 Bxe6 43. Rf6 Kd7 44. Rxh6 Bf5 45. h5 Ng8 46. Rh8 Nf6
47. h6 Ke6 {So here it was the real moment to consider ideas. Azmaiparashvili
thinks the Kb2-a3 maneouvre is winning. And probably he is right.} 48. Ra8 (48.
Kb2 $1 a5 (48... Be4 49. Ka3 Bd3 50. Ka4 Ke5 51. Kb5 Bb1 52. a4 Bc2 53. a5 (53.
Ra8 Ng4 54. Rxa7 Nxh6 55. b4 $14) 53... Bxb3 54. Ra8 Kd4 55. Rxa7 Bxc4+ 56. Ka4
(56. Kc6 Bd5+ 57. Kxd6 c4 58. a6 c3 59. Rc7 $18) 56... Ke5 57. h7 Nxh7 58. Rxh7
Kd5 59. Rc7 Bd3 60. Kb3 Ba6 61. Kc3 Bf1 62. Rc8 Be2 63. Re8 Bf1 64. Rf8 Be2 65.
Rf2 Bb5 66. Ra2 Ba6 67. Rb2 $1 $18) 49. Ka3 Nh7 50. Ka4 $18) 48... Ng4 49. Rxa7
Nxh6 50. a4 {I thought this wins, but it proved to be different unfortunately.
Topalov finds the only piece placement, to hold the position!} Nf7 51. a5 Be4
52. Rc7 Ne5 $1 53. a6 Nd7 {Brilliant, now it seems that White can't make any
progress!} 54. Rc8 Ke7 55. b4 (55. a7 Nb6 56. Rb8 Na8 {and White can't break
through!}) 55... cxb4+ 56. Kxb4 Nb6 57. Rb8 Na8 58. c5 Nc7 59. cxd6+ Kxd6 60.
a7 Na8 61. Kb5 Bd3+ 62. Ka5 Be4 63. Kb5 Bd3+ 64. Ka5 Be4 1/2-1/2

[Event "Nanjing Pearl Spring 2nd"]
[Site "Nanjing"]
[Date "2009.10.02"]
[Round "5"]
[White "Carlsen, Magnus"]
[Black "Radjabov, Teimour"]
[Result "1-0"]
[WhiteElo "2772"]
[BlackElo "2757"]
[Annotator "Ftacnik,L"]
[PlyCount "49"]
[EventDate "2009.09.28"]
[EventType "tourn"]
[EventRounds "10"]
[EventCountry "CHN"]
[EventCategory "21"]
[SourceTitle "CBM 133"]
[Source "ChessBase"]
[SourceDate "2009.11.19"]
[SourceVersion "1"]
[SourceVersionDate "2009.11.19"]
[SourceQuality "1"]

1. e4 c5 2. Nf3 Nc6 3. Bb5 e6 4. O-O Nge7 5. c3 a6 6. Ba4 b5 7. Bc2 Bb7 8. Qe2
d5 9. e5 d4 10. Be4 Qb6 {The queen move aspires to improve on the undesirable
score, that used to be achieved by the seemingly more logical knight move.} (
10... Nd5 11. d3 Be7 (11... dxc3 12. Nxc3 (12. bxc3 Be7 13. c4 Nb6 14. a3 Na4
15. Bd2 O-O 16. Nc3 Nxc3 17. Bxc3 Qd7 18. Rfb1 $14 {1/2-1/2 Svidler,P (2713)
-Grischuk,A (2701)/Togliatti 2003 (41)}) 12... Nxc3 (12... Be7 13. Rd1 O-O 14.
d4 Nxc3 15. bxc3 cxd4 16. cxd4 Na5 17. Bxb7 Nxb7 18. h4 Na5 19. Bg5 $11 {
1/2-1/2 Rublevsky,S (2645)-Eljanov,P (2639)/Saint Vincent 2005 (72)}) (12...
Qd7 13. Rd1 Be7 14. d4 Nxd4 15. Nxd4 cxd4 16. Nxd5 exd5 17. Rxd4 O-O 18. Bd3
Rfe8 19. Bd2 g6 20. Rg4 $11 {1/2-1/2 Rublevsky,S (2644)-Moiseenko,A (2597)/
Moscow 2003 (42)}) 13. bxc3 Be7 14. d4 cxd4 15. cxd4 Qd7 (15... Rb8 16. Rd1 Nb4
17. Bd2 Nd5 18. Qd3 g6 19. Bh6 $11 {0-1 Hracek,Z (2613)-Krasenkow,M (2661)/
Ostrava 2007 (47)}) 16. a4 bxa4 17. Rxa4 O-O 18. Bd2 a5 19. Rfa1 h6 20. h4 Ba6
21. Qe3 $11 {1-0 Morozevich,A (2742)-Van Wely,L (2697)/Monte Carlo 2002 (81)})
12. c4 $1 {The key idea indicating, that the central location of the knight
has also darker sides.} bxc4 (12... Nb6 13. Bf4 b4 (13... Qd7 14. Na3 b4 15.
Nc2 O-O-O 16. a3 a5 17. axb4 axb4 18. Ng5 Rdf8 19. Qh5 Qe8 20. Bf3 $16 {
1-0 Gaehler,M (2223)-Martinovic,S (2400)/Szeged 2007 (45)}) 14. Nbd2 Kd7 15.
Nb3 a5 16. a3 a4 17. axb4 axb3 18. b5 Qc7 19. bxc6+ Bxc6 20. Nd2 $16 {1-0
Burnett,R (2437)-Nguyen Anh Dung (2496)/Budapest 2000 (52)}) 13. dxc4 Nb6 14.
Ne1 Qc7 (14... Rb8 15. Nd2 Qc7 16. Nd3 a5 17. f4 Nb4 18. Nxb4 axb4 19. a4 Bxe4
20. Nxe4 O-O $14 {1-0 Fedorchuk,S (2592)-Ejsmont,K (2348)/Ustron 2006 (40)})
15. Nd2 (15. b3 Nd7 16. f4 O-O-O 17. Nd3 Rdg8 18. Nd2 h6 19. Bf3 g5 20. Ne4 Nb4
21. Nxb4 cxb4 $11 {1-0 Tolstikh,N (2405)-Michalek,J (2300)/Pardubice 1995 (32)}
) 15... Nd7 16. Nd3 Nb4 17. Nf3 Bxe4 18. Qxe4 Qc6 19. Qe2 Nxd3 20. Qxd3 $11 {
1-0 Gu Xiaobing (2339)-Yu,L (2328)/Lishui 2009 (71)}) 11. d3 (11. cxd4 Nxd4 12.
Nxd4 cxd4 13. d3 Bxe4 14. Qxe4 Rc8 15. Nd2 Nc6 16. Nf3 Be7 17. Qg4 Kf8 18. Bd2
$16 {1-0 Cabrilo,G (2484)-Andrijevic,M (2402)/Sozina 2004 (47)}) 11... Rd8 12.
a4 Nd5 {Once again this logical move might not be the most promising. In the
future players may explore the intricacies of the dynamic solution with the
exchange on the c3-square.} (12... dxc3 $5 13. Nxc3 (13. bxc3 b4 14. Re1 (14.
Nbd2 Nd5 $11) 14... b3 15. Nbd2 Na5 $13) 13... b4 14. a5 Qc7 15. Na4 Nxa5 16.
Qc2 c4 17. Bxb7 b3 18. Qb1 Nxb7 19. dxc4 Qxc4 20. Be3 $14) 13. axb5 axb5 14.
cxd4 (14. Bd2 Be7 15. Na3 O-O 16. c4 bxc4 17. Nxc4 Qc7 18. Ng5 $14) 14... cxd4
(14... Nxd4 15. Nxd4 cxd4 16. Bd2 (16. Nd2 Be7 17. Nb3 O-O 18. Bd2 Nb4 19. Rfc1
$14) 16... Rc8 17. Ba5 Qc6 18. Nd2 Qc2 19. Qg4 $14) 15. Nbd2 Nf4 (15... Be7 16.
Nb3 h6 17. Bd2 b4 18. Rfc1 O-O 19. g3 $14) 16. Qd1 Nb4 $2 {[%mdl 32] Radjabov
neglects one of the main principles of strategy and jumps right into the
conflict zone before finishing his own development.} (16... Nd5 17. Nb3 Be7 18.
Bd2 Ndb4 (18... b4 19. Qe2 h6 $14) 19. Qe2 O-O 20. Ng5 (20. Rfc1 h6 21. g3 $14)
20... g6 21. Nxh7 Kxh7 22. Qh5+ Kg8 23. Bxg6 fxg6 24. Qxg6+ $11 {1/2-1/2 Pahud,
C (2185)-Carron,J (2300)/Lausanne 2003 (29)}) (16... Ng6 17. Bxg6 (17. Re1 Bb4
18. Qb3 Nge7 $11) 17... hxg6 18. Ne4 Be7 19. Bg5 O-O 20. Qe2 $14) 17. Nb3 $1
Bxe4 18. dxe4 Nfd3 (18... Ng6 19. Nfxd4 Nc6 20. Be3 Ncxe5 21. Ra5 $16) 19. Bg5
Rc8 {The necessity of the rook retreat does not bode well for Black's strategy.
} (19... Be7 20. Bxe7 Kxe7 21. Qd2 Ke8 (21... h6 22. Nc1 $18) 22. Ra3 $16) 20.
Nfxd4 Nxb2 (20... h6 21. Bd2 Nxb2 22. Qg4 $16) 21. Qe2 (21. Qh5 Nc4 22. Rfd1 h6
(22... Nxe5 23. Ra5 Nbc6 24. Rxb5 Qa6 25. Ra1 Ba3 26. Nc5 $18) (22... Na6) 23.
Qh3 Na6 24. Be3 $14) 21... Nc4 22. Rfc1 Bc5 {It is not a big surprise, that
despite the seemingly firm build up on the queenside the black pieces actually
suffer from shaky legs.} (22... Be7 23. Nxb5 $1 Qxb5 (23... Bxg5 24. Rxc4 $18)
24. Bxe7 Kxe7 25. Ra7+ Ke8 26. Ra5 $1 Qb6 27. Rxc4 $16) 23. Nxb5 (23. Nxc5 $1
Qxc5 24. Be3 Nc6 (24... Qxe5 25. Rcb1 Qd6 (25... Nxe3 26. fxe3 $18) 26. Nxb5
Qd3 27. Qg4 Nxe3 28. Qxg7 Rf8 29. Rxb4 Nc2 30. Nc7+ Kd7 31. Nxe6 $18) 25. Nxb5
Qxb5 26. Qxc4 Qxc4 27. Rxc4 O-O 28. Rac1 $16) 23... O-O $2 {Radjabov does not
usually excel in the defence. This might be the reason why he missed the most
stubborn way to resist Carlsen's activity after his relatively soft move.} (
23... Qxb5 24. Ra5 $1 Qxa5 25. Nxa5 Nxa5 26. Qb5+ Nac6 27. Rxc5 $18) (23...
Bxf2+ $1 24. Qxf2 Qxb5 25. Nc5 $5 (25. Qd4 O-O 26. Be7 Rfe8 27. Bxb4 Qxb4 28.
Na5 Qxa5 29. Rxa5 Nxa5 30. Rxc8 Rxc8 $16) (25. Qe2 O-O 26. Nd4 Qxe5 $1 (26...
Qc5 27. Be3 Rfd8 28. Nf5 Qf8 29. Rxc4 exf5 30. exf5 $16) 27. Rxc4 Rxc4 28. Qxc4
Qxg5 29. Qxb4 Qe3+ 30. Kh1 Qxe4 $16) 25... O-O $1 (25... h6 26. Be7 $3 Nxe5 (
26... Kxe7 27. Ra7+ Kd8 28. Rxc4 $18) 27. Bd6 Nc4 28. Nxe6 fxe6 29. Ra7 Qb6 30.
Bxb4 $18) 26. Be7 Rfe8 27. Bd6 Nxd6 28. exd6 Nd3 $1 29. Nxd3 Qxd3 30. e5 (30.
Rd1 Ra8 $1 31. e5 Rxa1 32. Rxa1 Qc3 $14) 30... Rxc1+ 31. Rxc1 f6 $14 {Black
would have kept excellent chances to hold the game.}) 24. Nxc5 Nxe5 (24... Rxc5
25. Be7 Qxb5 26. Bxc5 Qxc5 27. Qxc4 $18) 25. Be7 {The catastrophe is complete,
Radjabov will lose loads of material and every right to continue with his
resistance.} (25. Be7 Rfe8 26. Nd6 Rxc5 (26... Rxe7 27. Nxc8 $18) 27. Rxc5 Qxc5
28. Nxe8 Qxe7 29. Ra8 $18) 1-0

[Event "Nanjing Pearl Spring 2nd"]
[Site "Nanjing"]
[Date "2009.10.06"]
[Round "8"]
[White "Jakovenko, Dmitrij"]
[Black "Radjabov, Teimour"]
[Result "1-0"]
[WhiteElo "2742"]
[BlackElo "2757"]
[Annotator "Rogozenco,D"]
[PlyCount "143"]
[EventDate "2009.09.28"]
[EventType "tourn"]
[EventRounds "10"]
[EventCountry "CHN"]
[EventCategory "21"]
[SourceTitle "CBM 133"]
[Source "ChessBase"]
[SourceDate "2009.11.19"]
[SourceVersion "1"]
[SourceVersionDate "2009.11.19"]
[SourceQuality "1"]

1. e4 c5 2. Nf3 d6 3. d4 cxd4 4. Nxd4 Nf6 5. Nc3 g6 6. Be3 Bg7 7. f3 Nc6 8. Qd2
O-O 9. Bc4 Bd7 10. O-O-O Rc8 11. Bb3 Nxd4 12. Bxd4 b5 13. h4 {In the past
decade the theory of the almost automatically played 13.Nd5 has advanced a lot
and many resources for Black have been found. Jakovenko's move used to have a
rather harmless reputation, but since 13.h4 hasn't been played on the highest
level, its theory hasn't come to clear conclusions yet.} ({In the latest game
with 13.Nd5 Black achieved a quick draw:} 13. Nd5 Nxd5 14. Bxg7 Kxg7 15. exd5
a5 16. a3 Kg8 $5 ({The main theoretical discussions were around} 16... b4) 17.
Rhe1 Rc5 18. g4 b4 19. axb4 axb4 20. Qxb4 Qa8 21. Kd2 Rb8 22. Ra1 Rxd5+ 23. Ke3
Re5+ 24. Kd2 {1/2-1/2 Karjakin,S (2722)-Shirov,A (2730)/Bilbao 2009}) 13... e6
$146 {Radjabov implements a novelty right away. The move ...e6 is rather
untypical for Dragon. Its idea is to cover the d5-square and thus prepare the
further advance of the b-pawn, but the drawback is obvious as well - the
d6-pawn won't have a long life.} ({The most popular} 13... a5 14. h5 a4 ({
weaker is} 14... e5 15. hxg6 $40) 15. Bxf6 {also leaves plenty of room for
investigations. Then} exf6 (15... axb3 16. Bxg7 $18) ({Worth analysing is the
risky} 15... Bxf6 16. hxg6 e6 $1 17. e5 Bg7 {which has never been met in
practice}) 16. Bd5 {(or 15.Qxd6) leads to unclear complications. The theory of
this line still awaits to be developed.}) (13... h5 $6 14. e5 dxe5 15. Bxe5 $14
{/+/-} Bc6 $140 $2 16. Qg5 {[%csl Rg6]}) 14. a3 $1 ({Stronger than} 14. h5 b4
15. Ne2 (15. Na4 $2 Qa5 $19) 15... a5 {after which White must make a move like}
16. c3 {which is always a concession and increases Black's counterplay
possibilities.}) 14... a5 15. h5 Qe7 {Black protects the d6-pawn, which might
be important for instance when White in the future will take Pb4 with the
queen (then the pawn on d6 will be protected, see for instance 15...b4).} ({
Now after} 15... b4 16. axb4 axb4 17. Na2 {Black must sacrifice the b4-pawn b4
and try to organize some pressure on the a- and b-files. The probability of a
strong attack is quite low though, since Black will need to play Rc8-a8 (b8),
which means an obvious waste of time (first Rc8 and then back to a8 or b8).
Moreover, the weak pawn on d6 increases White's pressure in the centre.} {
After for instance} Ra8 18. hxg6 hxg6 19. Qxb4 {the d6-pawn is under attack
and Black won't find it easy to prove compensation.}) 16. hxg6 hxg6 17. g4 $1 {
The simplest (and from the practical point of view wisest) approach. Jakovenko
prepares the exchange of bishops, which will clear the d-file and win pawn d6.}
({In the event of} 17. Kb1 b4 18. axb4 axb4 19. Na2 Ra8 20. Nxb4 {it is still
not clear if Black has sufficient comepnsation. Therefore deserves attention
the more subtle move 17...Ra8 and only later ...b4.} (20. Qxb4 Rfb8 21. Qd2 Ba4
$44)) 17... b4 18. axb4 axb4 19. Na2 Ra8 {Black cannot save the d6-pawn anyway,
so Radjabov is rightly looking for counterplay on the a-file.} 20. g5 Nh5 21.
Bxg7 Kxg7 22. Qxd6 Qxd6 (22... Qxg5+ {loses a piece after} 23. f4 $1 Nxf4 24.
Qd4+ $1 (24. Qxd7 Rfd8 25. Qc6 Rdc8 26. Qb7 Rcb8 $11) 24... e5 25. Qxd7 Rad8
26. Qb5 Rb8 27. Qf1 $18) 23. Rxd6 Ba4 24. Bc4 $1 {Again Jakovenko finds the
best practical decision. For the future pawn race it is important to keep the
bishop alive.} (24. Kb1 Bxb3 25. cxb3 Rfb8 {is only marginally better for
White.}) 24... Rfc8 25. b3 Bb5 26. Bxb5 Rxa2 27. Rh2 $16 {As the result of his
opening experiment Radjabov found himself in a difficult endgame. Although
there is still a long way for White (his kingside pawns are weak, the king
exposed to checks, the black rooks are active), he's got an extra pawn, a
stronger bishop than the knight and the pawn on b4 is very weak. In the next
part Jakovenko will display good technique and in spite of Radjabov's tough
resistance, the Russian GM takes home a full point.} Rc5 (27... Rc3 28. Rd4
Rxf3 29. Rxb4 Rg3 (29... Ng3 $142 $16) 30. Ra4 $1 Rxa4 31. bxa4 Rxg5 32. c4 $18
{[%cal Gh2a2]}) 28. Kb1 Ra5 29. Bc4 Rxg5 30. Rb6 Nf4 31. Rxb4 Rg3 32. Rf2 Rh5
33. Rb7 $1 Kf6 (33... Rhh3 34. b4 Rxf3 35. Rxf3 Rxf3 36. b5 Re3 37. b6 Rxe4 38.
Rc7 Nd5 39. Bxd5 Rb4+ (39... exd5 40. c4 $1 $18) 40. Bb3 Rxb6 {and White must
be winning. For instance:} 41. Kb2 g5 42. c4 g4 43. Kc3 g3 (43... Kf6 44. Rc8)
44. Rd7 g2 45. Rd1 f5 46. c5 Rc6 47. Kc4 f4 48. Rg1 f3 49. Bd1 $18) 34. Kb2 g5
({Here} 34... Rhh3 {is weaker than one move earlier, since after} 35. b4 Rxf3
36. Rxf3 Rxf3 37. b5 Re3 38. Rc7 Rxe4 {White can continue} 39. Ka3 $5 (39. b6
Nd5 40. Bxd5 Rb4+ 41. Bb3 Rxb6 {is somewhat similar to 33...Rhh3, see above})
39... Nd5 40. Bxd5 exd5 41. b6 Re6 42. b7 Rb6 43. Ka4 $1 ({not} 43. Rc6+ Rxc6
44. b8=Q Rxc2) 43... Rb2 44. Ka5 Ke5 45. Ka6 d4 (45... f5 46. Rc6 $18) (45...
g5 46. Rc3 $18) 46. Ka7 $18) 35. b4 Rh8 36. b5 Ke5 37. b6 Kd4 (37... Kd6 38.
Rc7 Rb8 39. Rd2+ Ke5 40. b7 Rxf3 41. Ba6 $18) 38. Rc7 $18 Rb8 39. b7 Rxb7+ (
39... Ke3 40. Rf1 Rxf3 41. Rg1 $18) 40. Rxb7 Kxc4 41. Rxf7 {There are still
technical problems, but with an extra exchange and pawn White is of course
winning.} Kd4 42. Ra7 Ke3 43. Rf1 Ng6 44. e5 Kf4 45. Ra4+ Kf5 46. c4 Nxe5 47.
c5 Rh3 48. Rd4 Kf6 49. Rc1 Rh7 50. Rc3 Rc7 51. Kb3 Nc6 52. Rd6 Ke7 53. Re3 Nd8
54. Kb4 Rc8 55. Ra6 Nc6+ 56. Kb5 Nd4+ 57. Kc4 Nc6 58. Rb6 Kf6 59. Rc3 Ke5 60.
Kb5 Nd4+ 61. Ka6 Kf4 62. Kb7 Rf8 63. c6 e5 64. c7 Nxf3 65. c8=Q Rxc8 66. Rxc8
g4 67. Rf8+ Kg3 68. Re6 Kg2 69. Rg8 Kh3 70. Kb6 Nd2 71. Rh6+ Kg3 72. Kc5 1-0